Código Orgánico de Tribunales: concordancia e índice de materias

Saved in:
Bibliografiske detaljer
Institution som forfatter: Chile
Andre forfattere: Hoyos de la Barrera, María Teresa
Format: Bog
Sprog:spansk
Udgivet: Santiago, Chile: Legal Publishing; Thomson Reuters, 2013
Udgivelse:Decimotercera Edición.
Fag:
Tags: Tilføj Tag
Ingen Tags, Vær først til at tagge denne postø!

MARC

LEADER 00000cam a2200000 a 4500
001 UCF7032
003 CL-VaPUC
005 20240925141953.0
008 130606e20130000CL |||||||||||||||||spa|d
999 |c 351992  |d 351990 
020 |a 9789563462821 
040 |c Pontificia Universidad Católica de Valparaíso 
082 0 4 |a 347.8301 CHI 2013  |2 21 
110 1 |a Chile  |9 890760 
245 1 0 |a Código Orgánico de Tribunales: concordancia e índice de materias 
250 |a Decimotercera Edición.  |b Actualizada al 4 de enero de 2013 
260 |a Santiago, Chile:  |b Legal Publishing;  |b Thomson Reuters,  |c 2013 
300 |a 435 páginas. 
505 |a -Ley N.º 7.421. -Título I. Del Poder Judicial y de la Administración de Justicia en general. -Título II. De los juzgados de garantía y de los tribunales de juicio oral en lo penal. -Título III. De los Jueces de Letras. -Título IV. De los Presidentes y Ministros de Corte como tribunales unipersonales. -Título V. Las Cortes de Apelaciones. -Título VI. La Corte Suprema. -Título VII. La competencia. -Título VIII. De la subrogación e integración. -Título IX. De los Jueces Árbitros. -Título X. De los Magistrados y del Nombramiento y Escalafón de los Funcionarios Judiciales. -Título XI. Los Auxiliares de la Administración de Justicia. -Título XII. Disposiciones generales aplicables a los auxiliares de la Administración de Justicia. -Título XIII. De los empleados u oficiales de secretaría. -Título XIV. La Corporación Administrativa del Poder Judicial. -Título XV. Los abogados. -Título XVI. De la jurisdicción disciplinaria y de la inspección y vigilancia de los servicios judiciales. -Título XVII. De la asistencia judicial y del privilegio de pobreza. Apéndice: -Ley N.º 19.665. Reforma el Código Orgánico de Tribunales. (D.O. de 9 de marzo de 2000). -Ley N.º 16.618. Decreto con Fuerza de Ley N.º 1. Fija texto refundido, coordinado y sistematizado del Código Civil; de la Ley N.º 4.808, sobre Registro Civil; de la Ley N.º 17.344, que Autoriza Cambio de Nombres y Apellidos; de la Ley N.º 16.618, Ley de Menores; de la Ley N.º 14.908 sobre Abandono de Familia y Pago de Pensiones Alimenticias, y de la Ley N.º 16.271, de Impuesto a las Herencias, Asignaciones y Donaciones. -Ley N.º 18.287. Establece procedimiento ante los Juzgados de Policía Local. (D.O. de 7 de febrero de 1984). -Ley N.º 19.968. Crea los Tribunales de Familia. -Ley N.º 20.022. Crea Juzgados Laborales y Juzgados de Cobranza Laboral y Previsional en las comunas que indica. 
583 |a last modification  |c 20130606 11:56:00  |k Rodrigo Vera 
650 0 |a Código orgánico de tribunales  |9 256731 
650 0 |a Poder judicial  |9 254871 
650 0 |a Juzgados de garantía   |9 492236 
650 0 |a Tribunales de juicio oral  |9 891685 
650 0 |a Funcionarios judiciales  |9 382750 
650 0 |a Jurisprudencia  |x Tribunales  |9 891681 
700 |a Hoyos de la Barrera, María Teresa  |9 814204 
942 |c BK  |2 ddc 
945 |d 20130606 00:00:00  |a dcastane 
952 |0 0  |1 0  |4 0  |6 347_830100000000000_CHI_2013  |7 0  |8 R  |9 456471  |a BIBDER  |b BIBDER  |d 2019-11-22  |i 4970748  |o 347.8301 CHI 2013  |p 4970748  |r 2023-01-25  |w 2019-11-22  |y BK_R  |k DER